|
|
|
|
| LEADER |
00000 a2200000 4500 |
| 001 |
RU/ROS-EDU.RU/104215 |
| 856 |
4 |
|
|u https://www.ros-edu.ru/book?id=104215
|z Перейти к просмотру издания
|
| 010 |
|
|
|a 978-5-209-08574-4
|
| 100 |
|
|
|a 20190101d2019 |||y0rusy0250
|
| 105 |
|
|
|a y z 000zy
|
| 101 |
0 |
|
|a rus
|
| 102 |
|
|
|a RU
|
| 200 |
1 |
|
|a Контрольные материалы к УМК «Профессия – юрист». Субтесты «Лексика. Грамматика». Уровень В1
|b Электронный ресурс
|e Учебное пособие
|f С. С. Аду, О. С. Жарова
|
| 700 |
|
1 |
|b С. С.
|a Аду
|4 070
|
| 701 |
|
1 |
|b О. С.
|a Жарова
|4 070
|
| 330 |
|
|
|a Пособие является частью учебно-методического комплекса по языку специальности «Профессия – юрист. Русский язык в учебно-профессиональной сфере (Первый сертификационный уровень)» и ориентировано на иностранных слушателей, владеющих русским языком как иностранным на уровне А2. Основная цель – контроль сформированности общенаучной и коммуникативной компетенции в учебно-профессиональной сфере (юридический профиль) в области понимания и адекватного употребления грамматических единиц, свойственных данному подъязыку специальности. Книга состоит из трех частей. Первая часть содержит субтесты «Лексика. Грамматика» в двух вариантах к каждому уроку УМК. Во второй части представлены итоговые субтесты «Лексика. Грамматика». В третью часть включен Модульный тест «Лексика. Грамматика». В приложении содержатся матрицы к тестам. Работу с данными субтестами следует вести параллельно с основным учебным пособием. Разнообразие представленного в пособии материала позволяет преподавателю вариативно применять его в зависимости от уровня владения русским языком обучающихся, времени начала занятий и т.д. Описание и программа курса опубликованы в издании: Аду С.С., Жарова О.С. Профессия – юрист. Русский язык в учебно-профессиональной сфере (Первый сертификационный уровень): книга для преподавателя. – М.: РУДН, 2015.
|
| 210 |
|
|
|a Москва
|c Российский университет дружбы народов
|d 2019
|
| 610 |
1 |
|
|a иностранный студент
|
| 610 |
1 |
|
|a русский язык
|
| 610 |
1 |
|
|a лексика
|
| 610 |
1 |
|
|a грамматика
|
| 610 |
1 |
|
|a юриспруденция
|
| 610 |
1 |
|
|a право
|
| 675 |
|
|
|a 372
|
| 686 |
|
|
|a 81.2
|2 rubbk
|
| 300 |
|
|
|a Книга находится в премиум-версии платформы «Русский как иностранный».
|
| 215 |
|
|
|a 140 с.
|